[Event "PNWCC Masters WOO 2020"]
[Site "chess.com INT"]
[Date "2020.07.05"]
[Round "4.31"]
[White "Vijayakumar, Advaith"]
[Black "Papp, Petra"]
[Result "1/2-1/2"]
[BlackTitle "WGM"]
[WhiteElo "1846"]
[BlackElo "2338"]
[WhiteFideId "30933196"]
[BlackFideId "739049"]
[EventDate "2020.07.04"]

1. d4 Nf6 2. c4 g6 3. g3 Bg7 4. Bg2 O-O 5. Nf3 d6 6. O-O Nc6 7. Nc3 e5 8. dxe5
dxe5 9. Bg5 Be6 10. Qc1 Qc8 11. Bh6 Bh3 12. Rd1 e4 13. Bxg7 Kxg7 14. Nd4 Re8 15.
Qf4 Nh5 16. Qe3 Bxg2 17. Kxg2 f5 18. Nd5 Nxd4 19. Qxd4+ Kf7 20. e3 c6 21. Nc3
Nf6 22. c5 Re7 23. Qc4+ Kg7 24. Rd6 Ng4 25. Rad1 Ne5 26. Qd4 Qc7 27. Ne2 Rae8
28. Nf4 Kh6 29. h4 b6 30. b4 bxc5 31. bxc5 Nd3 32. Nxd3 exd3 33. Qf4+ Kg7 34. h5
Re6 35. hxg6 hxg6 36. Qd4+ Kg8 37. Rh1 Qg7 38. Rxe6 Rxe6 39. Qd8+ Kf7 40. Rb1
Re7 41. Qxd3 Qe5 42. Qc4+ Kg7 43. Rd1 a5 44. Rd8 Qe4+ 45. Qxe4 Rxe4 46. Rd6 Ra4
47. Rxc6 Rxa2 48. Ra6 a4 49. c6 Rc2 50. Ra7+ Kf6 51. c7 a3 52. Rxa3 Rxc7 53.
Ra6+ Kf7 54. Kf3 Rc4 55. Rb6 Ra4 56. Rb2 Rc4 57. Ke2 Kf6 58. Kd3 Ra4 59. Rc2
Ra3+ 60. Kd4 Ra4+ 61. Kd5 Ra5+ 62. Kd6 Kg5 63. f3 Ra3 64. Re2 Rd3+ 65. Ke5 Ra3
66. Kd4 Ra1 67. g4 fxg4 68. Rg2 Ra4+ 69. Ke5 Kh4 70. Rxg4+ Rxg4 71. fxg4 Kxg4
72. e4 Kf3 73. Kd5 g5 74. e5 g4 75. e6 g3 76. e7 g2 77. e8=Q g1=Q 78. Qe4+ Kf2
79. Qd4+ Kg2 80. Qg4+ Kf2 81. Qd4+ Kg2 82. Qd2+ Qf2 1/2-1/2

[Event "PNWCC Masters WOO 2020"]
[Site "chess.com INT"]
[Date "2020.07.05"]
[Round "4.32"]
[White "Estrada Nieto, Julian"]
[Black "Sampath, Aja"]
[Result "0-1"]
[WhiteTitle "IM"]
[WhiteElo "2280"]
[BlackElo "1981"]
[WhiteFideId "5101018"]
[BlackFideId "30955190"]
[EventDate "2020.07.04"]

1. e4 c5 2. Nf3 g6 3. c3 Bg7 4. d4 cxd4 5. cxd4 d5 6. e5 Bg4 7. Bb5+ Nc6 8.
Bxc6+ bxc6 9. Nbd2 e6 10. O-O Ne7 11. h3 Bxf3 12. Nxf3 O-O 13. b3 Re8 14. g4 c5
15. dxc5 Qc7 16. Bf4 a5 17. Qd2 Nc6 18. Rfe1 Reb8 19. Rab1 Rb5 20. Qe3 Rab8 21.
Bh6 Nb4 22. Bxg7 Kxg7 23. Nd4 Rxc5 24. Rbc1 Nc2 25. Nxc2 Rxc2 26. Rxc2 Qxc2 27.
Rc1 Qxa2 28. Qg5 Qxb3 29. Qf6+ Kg8 30. Rc7 Rf8 31. Kg2 Qd1 32. Rd7 Qd4 33. Rd8
Qb4 34. Kg3 a4 35. h4 Rxd8 36. Qxd8+ Qf8 37. Qa5 Qe8 38. Kf4 h6 39. Qa7 Kg7 40.
f3 Qc6 41. Kg3 Qc3 42. Kf4 a3 43. Qe7 Qd4+ 44. Kg3 Qxe5+ 45. Kg2 Qb2+ 46. Kg3 a2
47. g5 0-1

[Event "PNWCC Masters WOO 2020"]
[Site "chess.com INT"]
[Date "2020.07.05"]
[Round "4.33"]
[White "Kolay, Alex"]
[Black "Ho, Cooper"]
[Result "1-0"]
[WhiteElo "2208"]
[BlackElo "1663"]
[WhiteFideId "30919991"]
[BlackFideId "30964610"]
[EventDate "2020.07.04"]

1. d4 d5 2. c4 c6 3. Nf3 Nf6 4. Nc3 dxc4 5. a4 Bf5 6. e3 e6 7. Bxc4 Bb4 8. O-O
Nbd7 9. Qe2 O-O 10. e4 Bg6 11. Bd3 Bh5 12. e5 Nd5 13. Nxd5 cxd5 14. Qe3 h6 15.
Ne1 f6 16. Qg3 fxe5 17. Bxh6 Qf6 18. Bg5 Qf7 19. dxe5 Nc5 20. Bc2 Be2 21. Be3
Ne4 22. Bxe4 dxe4 23. Nc2 Bxf1 24. Rxf1 Ba5 25. Nd4 Bb6 26. Nb5 Bxe3 27. Qxe3
Qf4 28. Qd4 e3 29. Qxe3 Qxe3 30. fxe3 Rxf1+ 31. Kxf1 Rf8+ 32. Ke2 Rf5 33. Nd6
Rxe5 34. Nxb7 Rd5 35. b4 Kf7 36. Na5 Kf6 37. Nc6 Rd6 38. Nd4 Rd7 39. b5 e5 40.
Nc6 Ke6 41. e4 Rc7 42. Kd3 Kd6 43. Na5 Kc5 44. Nc6 Kd6 45. Na5 Kc5 46. Kc3 Kd6+
47. Nc4+ Ke6 48. a5 Rb7 49. Kb4 Rd7 50. b6 axb6 51. axb6 Rb7 52. Kb5 Kd7 53. Na5
Rb8 54. Nc6 Rb7 55. Nxe5+ Kd6 56. Nc4+ Kd7 57. Na5 Rb8 58. b7 Kc7 59. Ka6 g5 60.
Ka7 Re8 61. h3 Rh8 62. g3 Re8 63. Nc6 Kxc6 64. b8=Q Rxb8 65. Kxb8 Kd6 66. h4
gxh4 67. gxh4 Ke5 68. h5 Kf6 69. Kc7 Kg5 70. e5 Kxh5 71. e6 Kg6 72. e7 Kf7 73.
Kd7 1-0

[Event "PNWCC Masters WOO 2020"]
[Site "chess.com INT"]
[Date "2020.07.05"]
[Round "4.35"]
[White "Wiebe, Daniel"]
[Black "Wen, Teddie"]
[Result "0-1"]
[WhiteElo "1988"]
[BlackElo "2071"]
[WhiteFideId "2612275"]
[BlackFideId "30952247"]
[EventDate "2020.07.04"]

1. e4 c5 2. Nf3 d6 3. d4 cxd4 4. Nxd4 Nf6 5. Nc3 g6 6. Be3 Bg7 7. f3 O-O 8. Qd2
Nc6 9. Bc4 Bd7 10. O-O-O Rc8 11. Bb3 Nxd4 12. Bxd4 b5 13. Nd5 Nxd5 14. exd5 Bxd4
15. Qxd4 a5 16. a3 Rc5 17. g4 b4 18. axb4 axb4 19. Qxb4 Qa8 20. Kd2 Rb8 21. Qe4
Rxb3 22. cxb3 Rxd5+ 23. Kc2 Rc5+ 24. Kb1 Bc6 25. Qxe7 Bxf3 26. Rhe1 Bxd1 27.
Rxd1 Qc6 28. g5 Qf3 29. Qxd6 Qf5+ 30. Qd3 Qxd3+ 31. Rxd3 Rxg5 32. b4 Rb5 33. Rb3
g5 34. Kc2 h5 35. Kc3 g4 36. Kc4 Rb8 37. b5 Kg7 38. b6 f5 39. b7 Kg6 40. Rb5 h4
41. Kd4 g3 42. hxg3 h3 43. Rc5 Rxb7 44. Rc1 Kg5 45. Rb1 Kg4 46. b4 h2 47. Kc5
Kxg3 48. b5 f4 49. Kc6 Rb8 50. b6 f3 51. Kc7 Rh8 52. b7 f2 53. Ra1 Kg2 54. Ra8
Rh7+ 55. Kc6 Rxb7 56. Rg8+ Kh1 57. Rf8 Rb2 58. Kd5 Kg2 59. Rg8+ Kf3 60. Rf8+ Ke2
61. Rh8 Rd2+ 62. Ke4 f1=Q 63. Rxh2+ Kd1 0-1

[Event "PNWCC Masters WOO 2020"]
[Site "chess.com INT"]
[Date "2020.07.05"]
[Round "4.36"]
[White "Lu, Ming"]
[Black "Zhang, Samuel"]
[Result "0-1"]
[WhiteElo "2084"]
[BlackElo "2033"]
[WhiteFideId "30930880"]
[BlackFideId "30942993"]
[EventDate "2020.07.04"]

1. c4 e6 2. Nf3 Nf6 3. g3 d5 4. Bg2 Be7 5. O-O O-O 6. b3 b6 7. Bb2 Bb7 8. e3 c5
9. Nc3 Nbd7 10. d4 Ba6 11. Ne5 Rc8 12. Re1 cxd4 13. exd4 Bb4 14. Re3 Nxe5 15.
dxe5 d4 16. Rd3 dxc3 17. Rxd8 Rfxd8 18. Qc2 cxb2 19. Qxb2 Ng4 20. Rf1 Rd2 21.
Qc1 Rcd8 22. a3 Bc5 23. b4 Bxf2+ 24. Kh1 Be3 25. Qc3 Bb7 0-1

[Event "PNWCC Masters WOO 2020"]
[Site "chess.com INT"]
[Date "2020.07.05"]
[Round "4.37"]
[White "Padhye, Rohan"]
[Black "Metpally, Jason"]
[Result "1-0"]
[WhiteElo "1716"]
[BlackElo "2204"]
[WhiteFideId "30946034"]
[BlackFideId "2068567"]
[EventDate "2020.07.04"]

1. e4 e5 2. Nf3 Nc6 3. Bc4 Bc5 4. O-O Nf6 5. d3 d6 6. c3 a6 7. a4 Ba7 8. Nbd2
O-O 9. h3 h6 10. Re1 Ne7 11. Nf1 b5 12. Bb3 Bb7 13. Bc2 Ng6 14. Ng3 Re8 15. d4
exd4 16. cxd4 c5 17. axb5 axb5 18. dxc5 Bxc5 19. Rxa8 Qxa8 20. Qd3 Bc6 21. Bd2
d5 22. exd5 Rxe1+ 23. Nxe1 Nxd5 24. Ne4 Bb6 25. Nd6 Qf8 26. Ne4 Qe7 27. Qf3 Kh8
28. Qf5 Bb7 29. Nf3 Nc7 30. Bc3 b4 31. Ne5 Nxe5 32. Bxe5 Qe6 33. Ng3 Qxf5 34.
Nxf5 Ne6 35. Nxh6 f6 36. Nf7+ Kg8 37. Nd6 fxe5 38. Nxb7 Nd4 39. Be4 Kf8 40. Nd6
Ke7 41. Nc8+ Kd8 42. Nxb6 Kc7 43. Nd5+ 1-0

[Event "PNWCC Masters WOO 2020"]
[Site "chess.com INT"]
[Date "2020.07.05"]
[Round "4.38"]
[White "Luo, Terry"]
[Black "Johnson, Donald"]
[Result "1/2-1/2"]
[WhiteElo "2124"]
[BlackElo "1857"]
[WhiteFideId "30931045"]
[BlackFideId "30949122"]
[EventDate "2020.07.04"]

1. d4 Nf6 2. c4 g6 3. Nc3 d5 4. cxd5 Nxd5 5. e4 Nxc3 6. bxc3 Bg7 7. Nf3 c5 8.
Rb1 O-O 9. Be2 Nc6 10. d5 Ne5 11. Nxe5 Bxe5 12. Qd2 e6 13. O-O exd5 14. exd5 Re8
15. Bb5 Bd7 16. c4 Bxb5 17. Rxb5 Qh4 18. g3 Qxc4 19. Rxb7 Rad8 20. Rxa7 Rxd5 21.
Qe3 Rd3 22. Qe1 Rdd8 23. Qa5 Bd4 24. Qc7 Bxf2+ 25. Rxf2 Rd1+ 26. Kg2 Qd5+ 27.
Kh3 Qh5+ 28. Kg2 1/2-1/2

[Event "PNWCC Masters WOO 2020"]
[Site "chess.com INT"]
[Date "2020.07.05"]
[Round "4.39"]
[White "Chen, Ryo"]
[Black "Sivakumar, Shaashwath"]
[Result "1-0"]
[WhiteElo "2085"]
[BlackElo "1866"]
[WhiteFideId "7003072"]
[BlackFideId "30912156"]
[EventDate "2020.07.04"]

1. e4 c5 2. Nf3 d6 3. d4 cxd4 4. Nxd4 Nf6 5. Nc3 a6 6. Be2 e5 7. Nb3 Be7 8. O-O
O-O 9. Kh1 b6 10. Be3 Bb7 11. f3 Nbd7 12. Qe1 d5 13. exd5 Nxd5 14. Nxd5 Bxd5 15.
Rd1 Bb7 16. Bxb6 Qxb6 17. Rxd7 Bf6 18. Qa5 Qxa5 19. Nxa5 Bc8 20. Rd6 Bf5 21. Bd3
Be7 22. Rd5 Be6 23. Nc6 Bf6 24. Ra5 Rfc8 25. Be4 Bc4 26. Rd1 Bb5 27. Rd6 Bxc6
28. Rxc6 Rxc6 29. Bxc6 Rd8 30. Bd5 Rd6 31. Rc5 g6 32. b3 Be7 33. c4 Kg7 34. Rc7
Kf6 35. g4 g5 36. Kg1 Kg6 37. Rxe7 1-0

[Event "PNWCC Masters WOO 2020"]
[Site "chess.com INT"]
[Date "2020.07.05"]
[Round "4.40"]
[White "Le, Harry"]
[Black "Sivakumar, Shaaketh"]
[Result "0-1"]
[WhiteElo "1833"]
[BlackElo "1870"]
[WhiteFideId "30927838"]
[BlackFideId "30940176"]
[EventDate "2020.07.04"]

1. d4 e6 2. c4 b6 3. Nf3 Bb7 4. g3 f5 5. Bg2 Bb4+ 6. Bd2 Bxd2+ 7. Qxd2 Nf6 8.
Nc3 O-O 9. O-O Qe7 10. Rac1 Ne4 11. Nxe4 Bxe4 12. Rfd1 d6 13. Ne1 Bxg2 14. Nxg2
Nd7 15. b4 Rad8 16. Qc3 c5 17. dxc5 dxc5 18. b5 Nf6 19. Rd3 Rxd3 20. exd3 Qd6
21. Re1 Rd8 22. Nf4 Re8 23. Qe5 Qxe5 24. Rxe5 Kf7 25. a4 g5 26. Nh3 h6 27. f4
Nd7 28. Re2 g4 29. Nf2 e5 30. a5 exf4 31. Rxe8 Kxe8 32. gxf4 bxa5 33. Nd1 a4 34.
Nc3 a3 35. Kf2 h5 36. h4 gxh3 37. Kg3 Nb6 38. Kxh3 Na4 39. Na2 Kf7 40. Kh4 Kg6
41. Kg3 Nb2 42. d4 cxd4 43. c5 Nc4 44. Kf3 h4 45. Nb4 d3 46. c6 Nb6 47. c7 h3
48. Nd5 Nc8 49. Kg3 a2 50. b6 axb6 51. Kxh3 a1=Q 52. Kh4 Qh1+ 53. Kg3 Qxd5 0-1

[Event "PNWCC Masters WOO 2020"]
[Site "chess.com INT"]
[Date "2020.07.05"]
[Round "4.41"]
[White "Maiti, Milind"]
[Black "Feng, Eric"]
[Result "1-0"]
[WhiteElo "2068"]
[BlackElo "1898"]
[WhiteFideId "2090767"]
[BlackFideId "30923972"]
[EventDate "2020.07.04"]

1. d4 Nf6 2. c4 e6 3. Nc3 Bb4 4. Qc2 b6 5. e4 Bb7 6. Bd3 d5 7. cxd5 exd5 8. e5
Nfd7 9. Nf3 c5 10. O-O h6 11. Nb5 c4 12. Bf5 O-O 13. Be3 Nc6 14. Qc1 Ne7 15. Bb1
Re8 16. a3 a6 17. axb4 axb5 18. Rxa8 Qxa8 19. Bxh6 gxh6 20. Qxh6 Nf8 21. Ng5
Neg6 22. h4 Bc8 23. h5 Nxe5 24. dxe5 Be6 25. Bh7+ Kh8 26. Qf6# 1-0

[Event "PNWCC Masters WOO 2020"]
[Site "chess.com INT"]
[Date "2020.07.05"]
[Round "4.42"]
[White "Su, Kevin"]
[Black "Lu, Jason"]
[Result "0-1"]
[WhiteElo "1768"]
[BlackElo "2025"]
[WhiteFideId "30937370"]
[BlackFideId "30938040"]
[EventDate "2020.07.04"]

1. e4 c5 2. Nf3 d6 3. d4 cxd4 4. Nxd4 Nf6 5. Nc3 a6 6. h3 e5 7. Nde2 h5 8. g3
Be6 9. Bg2 Nbd7 10. a4 Be7 11. O-O Rc8 12. Be3 Nb6 13. b3 d5 14. Bxb6 Qxb6 15.
Nxd5 Nxd5 16. exd5 Bd7 17. c4 O-O 18. Kh1 f5 19. a5 Qd6 20. Qd3 h4 21. Rfc1 Qh6
22. d6 Bxd6 23. c5 Bb5 24. Qxd6 Qxd6 25. cxd6 Bxe2 26. Rxc8 Rxc8 27. Bxb7 Rd8
28. Re1 Bd3 29. Rxe5 hxg3 30. fxg3 Rxd6 31. Bd5+ Rxd5 32. Re3 Be4+ 33. Kh2 Rxa5
34. g4 Ra2+ 35. Kg3 g5 0-1

[Event "PNWCC Masters WOO 2020"]
[Site "chess.com INT"]
[Date "2020.07.05"]
[Round "4.44"]
[White "Pradhyumna Kumar K"]
[Black "Chen, Megan"]
[Result "0-1"]
[WhiteElo "1844"]
[BlackElo "1549"]
[WhiteFideId "35081110"]
[BlackFideId "30929121"]
[EventDate "2020.07.04"]

1. e4 c6 2. d4 d5 3. Nd2 dxe4 4. Nxe4 Bf5 5. Ng3 Bg6 6. Nf3 Nd7 7. c3 e6 8. h4
h6 9. Bf4 Ngf6 10. Qd2 Be7 11. Bd3 Bxd3 12. Qxd3 O-O 13. Qd2 c5 14. O-O-O b5 15.
Bxh6 gxh6 16. Qxh6 Ng4 17. Qh5 Nxf2 18. Ng5 Nf6 19. Qe2 Nxh1 20. Rd3 Nd5 21.
N3e4 Nf4 22. Qg4 Bxg5 23. Nxg5 Nxd3+ 24. Kd2 f5 25. Qh5 Qe7 26. Qg6+ Qg7 27.
Qxe6+ Kh8 28. Kxd3 Rae8 29. Qc6 Nf2+ 30. Kd2 Ne4+ 31. Nxe4 fxe4 32. h5 Qxg2+ 33.
Kc1 Rf1# 0-1

[Event "PNWCC Masters WOO 2020"]
[Site "chess.com INT"]
[Date "2020.07.05"]
[Round "4.46"]
[White "Altman, Joshua"]
[Black "Yang, Maxwell"]
[Result "1-0"]
[WhiteTitle "CM"]
[WhiteElo "1926"]
[BlackElo "1075"]
[WhiteFideId "426210"]
[BlackFideId "30965268"]
[EventDate "2020.07.04"]

1. d4 Nf6 2. c4 e6 3. Nf3 Bb4+ 4. Nbd2 O-O 5. a3 Bxd2+ 6. Bxd2 Ne4 7. Qc2 Nxd2
8. Nxd2 b6 9. e4 Bb7 10. Bd3 Qg5 11. O-O f5 12. f4 Qg6 13. d5 a5 14. Nf3 Qf6 15.
Rab1 fxe4 16. Bxe4 g6 17. dxe6 Bxe4 18. Qxe4 Ra7 19. e7 Re8 20. Rbe1 c5 21. Qd5+
Kg7 22. Kh1 d6 23. Re6 Qxf4 24. g3 Qf7 25. Nd2 Qg8 26. Qxd6 Nd7 27. Ne4 Rb8 28.
Nf6 Nxf6 29. Rfxf6 Re8 30. Rxg6+ hxg6 31. Rxg6+ Kh7 32. Rh6+ Kg7 33. Qf6# 1-0

[Event "PNWCC Masters WOO 2020"]
[Site "chess.com INT"]
[Date "2020.07.05"]
[Round "4.49"]
[White "McConnell, Griffin"]
[Black "Harish, Neeraj"]
[Result "0-1"]
[WhiteElo "1823"]
[BlackElo "1472"]
[WhiteFideId "30942551"]
[BlackFideId "30958130"]
[EventDate "2020.07.04"]

1. e4 c5 2. Nc3 Nc6 3. Bb5 Nd4 4. Nf3 a6 5. Bd3 Nc6 6. O-O g6 7. b3 Bg7 8. Bb2
d6 9. h3 e5 10. a4 Nge7 11. Bc4 O-O 12. d3 h6 13. Nh2 Kh7 14. Ne2 f5 15. f4 d5
16. exd5 Nxd5 17. Bxd5 Qxd5 18. Nf3 Re8 19. fxe5 Nxe5 20. Nxe5 Bxe5 21. Bxe5
Qxe5 22. Re1 Bd7 23. Qd2 Bc6 24. Qf4 Qe3+ 25. Qxe3 Rxe3 26. Nf4 Rae8 27. Rxe3
Rxe3 28. Kf2 Re8 29. g3 g5 30. Ne2 Kg6 31. Re1 Kf6 32. Ng1 Rxe1 33. Kxe1 Ke5 34.
Kf2 h5 35. Ne2 f4 36. gxf4+ gxf4 37. Ng1 b5 38. axb5 axb5 39. Ne2 f3 40. Ng3 h4
41. Nf1 Kf4 42. Nd2 Bd5 43. c4 bxc4 44. bxc4 Bc6 45. Nb3 Bd7 46. Nd2 Bxh3 47.
Nxf3 Bf5 48. Nxh4 Bxd3 49. Ng2+ Ke4 50. Ne3 Kd4 51. Nd1 Bxc4 52. Ke1 Bb3 53. Nf2
Ke3 54. Ng4+ Kd3 55. Ne5+ Kc2 56. Nd7 c4 57. Nf6 Kd3 58. Nd5 Kd4 59. Nb4 c3 60.
Nc6+ Kd5 61. Nb4+ Kc4 62. Nc6 Ba4 63. Ne5+ Kd4 64. Nf3+ Ke3 65. Ne5 c2 66. Nc4+
Kd4 67. Kd2 Kxc4 68. Kc1 Kd3 69. Kb2 Kd2 70. Ka2 Be8 0-1

[Event "PNWCC Masters WOO 2020"]
[Site "chess.com INT"]
[Date "2020.07.05"]
[Round "4.50"]
[White "Chang, Eddie"]
[Black "Vega, Isaac"]
[Result "0-1"]
[WhiteElo "1667"]
[BlackElo "1735"]
[WhiteFideId "30960932"]
[BlackFideId "30914035"]
[EventDate "2020.07.04"]

1. d4 Nf6 2. c4 e6 3. Nc3 Bb4 4. e3 O-O 5. Bd3 d5 6. Nf3 c5 7. O-O Nc6 8. a3
Bxc3 9. bxc3 dxc4 10. Bxc4 Qc7 11. Bd3 e5 12. Nxe5 Nxe5 13. dxe5 Qxe5 14. Qc2
Rd8 15. Bb2 c4 16. Bxc4 Bf5 17. Qb3 Bg6 18. h3 Ne4 19. Rfd1 Nd2 20. Qa2 Qc5 21.
Be2 Bc2 22. a4 Bxd1 23. Rxd1 Ne4 24. Rxd8+ Rxd8 25. Bf3 Ng5 26. Be2 Rd2 27. Kf1
Qb6 28. Bb5 a6 29. Ke1 Rxb2 30. Qxb2 axb5 31. axb5 Ne6 32. c4 Nc5 33. Qe5 Nd3+ 0-1

[Event "PNWCC Masters WOO 2020"]
[Site "chess.com INT"]
[Date "2020.07.05"]
[Round "4.51"]
[White "Ji, Yunze Owen"]
[Black "Ho, Carter"]
[Result "1-0"]
[WhiteElo "1553"]
[BlackElo "1415"]
[WhiteFideId "30965276"]
[BlackFideId "30965292"]
[EventDate "2020.07.04"]

1. Nf3 d5 2. d4 Nf6 3. c4 c6 4. Qb3 dxc4 5. Qxc4 Bf5 6. g3 e6 7. Bg2 Be7 8. O-O
O-O 9. e3 h6 10. Rd1 Nbd7 11. Nc3 Ne4 12. Ne1 Ndf6 13. Nxe4 Bxe4 14. f3 Bh7 15.
e4 e5 16. Be3 exd4 17. Bxd4 Qc7 18. Nc2 Rad8 19. Ne3 b5 20. Qb3 a5 21. Rac1 Qb7
22. a4 b4 23. Qc4 Rc8 24. Bh3 Rcd8 25. Qxc6 Qxc6 26. Rxc6 Rfe8 27. Bb6 Rxd1+ 28.
Nxd1 Bd8 29. Bxd8 Rxd8 30. Rc8 Rxc8 31. Bxc8 g5 32. Ne3 h5 33. h3 Kg7 34. g4
hxg4 35. hxg4 Ne8 36. Nc4 Bg8 37. Nxa5 Nd6 38. Bd7 f6 39. Nc6 Nc4 40. Nxb4 Nxb2
41. a5 Nc4 42. a6 Nb6 43. Bc6 Nc8 44. Bb7 Na7 45. Nc6 Nb5 46. a7 Nxa7 47. Nxa7
Bf7 48. Nb5 Bg6 49. Nd6 Kf8 50. Bc8 Ke7 51. Bf5 Kxd6 52. Bxg6 Ke5 53. Kf2 Kf4
54. Bf7 Ke5 55. Ke3 Kd6 56. f4 Ke7 57. Bb3 gxf4+ 58. Kxf4 Kf8 59. Kf5 Kg7 60.
Ba2 Kh6 61. Kxf6 Kh7 62. e5 Kh6 63. e6 Kh7 64. e7 Kh6 65. e8=Q 1-0

[Event "PNWCC Masters WOO 2020"]
[Site "chess.com INT"]
[Date "2020.07.05"]
[Round "4.52"]
[White "Kozower, Ethan"]
[Black "Kunka, Harshid"]
[Result "0-1"]
[WhiteElo "1562"]
[BlackElo "1913"]
[WhiteFideId "30947227"]
[BlackFideId "30922216"]
[EventDate "2020.07.04"]

1. Nf3 Nf6 2. g3 d5 3. Bg2 e6 4. O-O Bd6 5. b3 Nbd7 6. Bb2 c5 7. d3 O-O 8. Nbd2
b5 9. e4 Qc7 10. Re1 dxe4 11. Nxe4 Nxe4 12. dxe4 Bb7 13. Qe2 c4 14. Rad1 Nb6 15.
Nd4 a6 16. Qg4 c3 17. Nxe6 fxe6 18. Qxe6+ Rf7 19. Rxd6 cxb2 20. Rxb6 Qxc2 21.
Rf1 b1=Q 22. Rxb1 Qxb1+ 23. Bf1 Qxe4 24. Qxe4 Bxe4 25. Re6 Bf5 26. Re5 Rd8 27.
Kg2 g6 28. Be2 Rd2 29. Bf3 Bh3+ 30. Kxh3 Rxf3 0-1

[Event "PNWCC Masters WOO 2020"]
[Site "chess.com INT"]
[Date "2020.07.05"]
[Round "5.1"]
[White "Maghsoodloo, Parham"]
[Black "Xiong, Jeffery"]
[Result "0-1"]
[WhiteTitle "GM"]
[BlackTitle "GM"]
[WhiteElo "2676"]
[BlackElo "2709"]
[WhiteFideId "12539929"]
[BlackFideId "2047640"]
[EventDate "2020.07.04"]

1. d4 Nf6 2. c4 e6 3. Nf3 Bb4+ 4. Bd2 Be7 5. g3 d5 6. Bg2 O-O 7. O-O Nbd7 8. Qc2
c6 9. Rc1 Ne4 10. Be3 f5 11. Ne1 Bf6 12. f3 Nd6 13. Nd2 f4 14. Bf2 Nf5 15. Qd3
Bg5 16. Bh3 Qf6 17. cxd5 exd5 18. Ng2 fxg3 19. hxg3 Nb6 20. f4 Nd6 21. Bxc8
Raxc8 22. Rf1 Bh6 23. g4 g5 24. f5 Bg7 25. Rae1 h5 26. e4 hxg4 27. e5 Qxf5 28.
Qe2 Nb5 29. Be3 Qe6 30. Nb3 g3 31. Bxg5 Rxf1+ 32. Rxf1 Rf8 33. Nf4 Qf5 34. Bf6
Bh6 35. Nxd5 Qh3 36. Ne7+ Kf7 37. Nf5 Ke8 38. Nc5 Nd5 39. Nd6+ Nxd6 40. exd6+
Be3+ 0-1

[Event "PNWCC Masters WOO 2020"]
[Site "chess.com INT"]
[Date "2020.07.05"]
[Round "5.2"]
[White "Le, Quang Liem"]
[Black "Jobava, Baadur"]
[Result "1/2-1/2"]
[WhiteTitle "GM"]
[BlackTitle "GM"]
[WhiteElo "2709"]
[BlackElo "2603"]
[WhiteFideId "12401137"]
[BlackFideId "13601520"]
[EventDate "2020.07.04"]

1. d4 Nf6 2. Nf3 d5 3. c4 c6 4. e3 Bf5 5. Nc3 e6 6. Nh4 Bg6 7. Nxg6 hxg6 8. Bd2
Nbd7 9. g3 Bb4 10. Qb3 a5 11. a3 Bxc3 12. Bxc3 Ne4 13. Bg2 Qb6 14. Qa2 Qa6 15.
Rc1 Ndf6 16. b3 g5 17. f3 Nxc3 18. Rxc3 g4 19. f4 Ke7 20. Rc2 Rh5 21. Bf1 Qb6
22. c5 Qc7 23. Bd3 Rah8 24. Rf1 Ne4 25. Bxe4 dxe4 26. Qb2 Qd7 1/2-1/2

[Event "PNWCC Masters WOO 2020"]
[Site "chess.com INT"]
[Date "2020.07.05"]
[Round "5.3"]
[White "Liang, Awonder"]
[Black "Sargissian, Gabriel"]
[Result "1/2-1/2"]
[WhiteTitle "GM"]
[BlackTitle "GM"]
[WhiteElo "2592"]
[BlackElo "2682"]
[WhiteFideId "2056437"]
[BlackFideId "13300881"]
[EventDate "2020.07.04"]

1. d4 Nf6 2. c4 e6 3. Nc3 Bb4 4. e3 O-O 5. Bd3 d5 6. Nf3 dxc4 7. Bxc4 c5 8. O-O
Bd7 9. Qe2 cxd4 10. exd4 Bc6 11. Rd1 Qc7 12. Bd3 Nbd7 13. Bg5 h6 14. Bh4 Qa5 15.
Ne5 Nxe5 16. dxe5 Nd7 17. Bb5 Bxc3 18. Bxc6 bxc6 19. Rxd7 Qxe5 20. Qxe5 Bxe5 21.
Rb1 Rfb8 22. b3 Rb5 23. Bg3 a5 24. Bxe5 Rxe5 25. g3 g5 26. Rc1 a4 27. b4 Ra6 28.
Rc7 a3 29. R7xc6 Rxc6 30. Rxc6 Re2 31. Ra6 Rxa2 32. b5 Rb2 33. Rxa3 Rxb5 34. g4
Rb4 35. h3 Kg7 36. Kg2 h5 37. Kg3 Kf6 38. Ra7 Rf4 39. Rb7 Ra4 40. Rc7 Kg6 41.
Rb7 h4+ 42. Kg2 e5 43. Rb6+ f6 44. Rb8 Ra7 45. Rb6 Kf7 46. Rc6 Rd7 47. Ra6 Ke7
48. Ra5 Ke6 49. Ra6+ Rd6 50. Ra5 e4 51. Ra3 Ke5 52. Ra5+ Rd5 53. Ra3 Rb5 54. Rc3
Rb2 55. Ra3 Kf4 56. Rc3 Ra2 57. Rb3 Ra5 58. Rb6 Ke5 59. Rb3 Ra6 60. Rc3 Kd4 61.
Rb3 Kc4 62. Re3 Kd5 63. Rb3 Kd4 64. Re3 Rc6 65. Ra3 Rc2 66. Rb3 Ra2 67. Re3 Ke5
68. Rb3 Ra5 69. Rc3 f5 70. gxf5 Kxf5 71. Rc4 Ra2 72. Kg1 Kf4 73. Rc8 Ra5 74. Kg2
g4 75. hxg4 Kxg4 76. Rg8+ Rg5 77. Rh8 Rh5 78. Rg8+ Kf4 79. Rf8+ Rf5 80. Rh8 Rg5+
81. Kf1 Kg4 82. Kg2 Rh5 83. Rg8+ Kf4 84. Rf8+ Ke5 85. Ra8 h3+ 86. Kh2 Rh7 87.
Ra3 Rf7 88. Kg3 h2 89. Ra1 Rh7 90. Rh1 Rg7+ 91. Kxh2 Kf4 92. Rg1 Ra7 93. Kg2 Ra2
94. Re1 Rb2 95. Re3 Ra2 96. Rb3 Rc2 97. Rh3 Ra2 98. Rb3 Rc2 99. Rh3 Ra2 100. Rb3 1/2-1/2

[Event "PNWCC Masters WOO 2020"]
[Site "chess.com INT"]
[Date "2020.07.05"]
[Round "5.4"]
[White "Hakobyan, Aram"]
[Black "Postny, Evgeny"]
[Result "1/2-1/2"]
[WhiteTitle "GM"]
[BlackTitle "GM"]
[WhiteElo "2588"]
[BlackElo "2600"]
[WhiteFideId "13306677"]
[BlackFideId "2804344"]
[EventDate "2020.07.04"]

1. c4 c6 2. d4 d5 3. Nc3 Nf6 4. Nf3 dxc4 5. e4 b5 6. Be2 e6 7. O-O Bb7 8. Rb1
Be7 9. b3 cxb3 10. Rxb3 Nbd7 11. e5 Nd5 12. Nxd5 exd5 13. h4 Nf8 14. Ng5 h6 15.
Nxf7 Kxf7 16. f4 Bxh4 17. f5 Bg5 18. Bh5+ Kg8 19. Rg3 Bxc1 20. f6 Bg5 21. Rxg5
hxg5 22. f7+ Kh7 23. Bg6+ Kxg6 24. Qd3+ Kh6 25. Qh3+ Kg6 26. Qf5+ Kh6 27. Qh3+
Kg6 28. Qf5+ Kh6 29. Qh3+ 1/2-1/2

[Event "PNWCC Masters WOO 2020"]
[Site "chess.com INT"]
[Date "2020.07.05"]
[Round "5.5"]
[White "Vokhidov, Shamsiddin"]
[Black "Sevian, Samuel"]
[Result "1/2-1/2"]
[WhiteTitle "GM"]
[BlackTitle "GM"]
[WhiteElo "2512"]
[BlackElo "2660"]
[WhiteFideId "14204223"]
[BlackFideId "2040506"]
[EventDate "2020.07.04"]

1. e4 c5 2. Nf3 d6 3. Bb5+ Nd7 4. Ba4 Nf6 5. O-O g6 6. Re1 Bg7 7. c3 O-O 8. d4
e5 9. dxe5 dxe5 10. Bc2 Qe7 11. c4 Qe6 12. b3 Nb8 13. Nc3 Nc6 14. Nd5 Rb8 15. h3
b6 16. a3 h6 17. Rb1 Rd8 18. Bd3 Qd6 19. Bd2 Kh7 20. b4 Nd7 21. Kh1 Bb7 22. Ng1
Nf8 23. Qa4 Ne6 24. b5 Ncd4 25. Qxa7 Bxd5 26. exd5 Nc7 27. Qa4 Ra8 28. Qd1 Rxa3
29. Bc1 Ra7 30. f4 exf4 31. Qg4 Be5 32. Rxe5 Qxe5 33. Bxf4 Qg7 34. Qg3 Ne8 35.
Be5 f6 36. Bxd4 cxd4 37. Nf3 f5 38. Qf4 Ra3 39. Rd1 Nf6 40. Nxd4 Nh5 41. Qf2 Qe5
42. Nc6 Ng3+ 43. Kg1 Rxd3 44. Rxd3 Qa1+ 45. Kh2 Nf1+ 46. Kg1 Ng3+ 47. Kh2 Nf1+
48. Kg1 Ng3+ 1/2-1/2